|
|
|
|
| LEADER |
00000nam a2200000 a 4500 |
| 001 |
1/127170 |
| 008 |
230828s1965####gr | ||| |||| ||gre|| |
| 040 |
|
|
|a GR-MyUa
|b gre
|c GR-MyUa
|e AACR2
|
| 041 |
0 |
|
|a gre
|
| 082 |
7 |
|
|a 938.975
|2 (23)
|
| 100 |
1 |
|
|a Βλιάμος, Χρ. Ν.
|
| 245 |
1 |
0 |
|a Ιστορική επισκόπηση των οικισμών της Σάμου /
|
| 260 |
|
|
|a Αθήναι :
|b [χ.ό],
|c 1965.
|
| 300 |
|
|
|a 34, [1] σ. :
|b εικ. ;
|c 24 εκ.
|
| 500 |
|
|
|a Στη σ.τ. χειρόγραφη σημείωση "Δήμον Καρλοβασίων Καρλόβασι, Αύγουστος 1977, υπογραφή"
|
| 500 |
|
|
|a Η εργασία αυτή δημοσιεύθηκε σε συνέχειες στην "Σαμιακή Επιθεώρηση" περιοδικό, πρόλογο Κ. Καραθανάσης.
|
| 650 |
|
0 |
|a Architecture, Greek
|z Greece
|z Samos (Municipality)
|
| 651 |
|
0 |
|a Samos (Greece : Municipality)
|x History.
|
| 852 |
|
|
|a INST
|b SAMOS
|e 20230822
|h 938.975 ΒΛΙ
|p 005300047821
|q 005300047821
|t BK
|y 0
|
| 970 |
|
|
|a Γουβάλα
|b Βάσω
|z 28-08-2023
|